<?xml version="1.0" encoding="UTF-8"?>
<record
    xmlns:xsi="http://www.w3.org/2001/XMLSchema-instance"
    xsi:schemaLocation="http://www.loc.gov/MARC21/slim http://www.loc.gov/standards/marcxml/schema/MARC21slim.xsd"
    xmlns="http://www.loc.gov/MARC21/slim">

  <leader>01670namaa22003371i 4500</leader>
  <controlfield tag="005">20260621132547.0</controlfield>
  <controlfield tag="008">260426s1995    ua a|||frm||| 000 0 eng d</controlfield>
  <datafield tag="040" ind1=" " ind2=" ">
    <subfield code="a">EG-GICUC</subfield>
    <subfield code="b">eng</subfield>
    <subfield code="c">EG-GICUC</subfield>
    <subfield code="d">EG-GICUC</subfield>
    <subfield code="e">rda</subfield>
  </datafield>
  <datafield tag="041" ind1="0" ind2=" ">
    <subfield code="a">eng</subfield>
    <subfield code="b">eng</subfield>
    <subfield code="b">ara</subfield>
  </datafield>
  <datafield tag="049" ind1=" " ind2=" ">
    <subfield code="a">Deposit</subfield>
  </datafield>
  <datafield tag="097" ind1=" " ind2=" ">
    <subfield code="a">Ph.D</subfield>
  </datafield>
  <datafield tag="099" ind1=" " ind2=" ">
    <subfield code="a">Cai01.12.14.Ph.D.1995.Ma.P.</subfield>
  </datafield>
  <datafield tag="100" ind1="0" ind2=" ">
    <subfield code="a">Mamdouh Mohamed Ibrahim Nassar, </subfield>
    <subfield code="e">preparation.</subfield>
  </datafield>
  <datafield tag="245" ind1="1" ind2="0">
    <subfield code="a">The Potential Of Some Juvenoids, Precocenes And Botanical Extracts For The Control Of Muscina Stabulans (Fall'en) (Diptera - Muscidae) /</subfield>
    <subfield code="c">By Mamdouh Mohamed Ibrahim Nassar; Supervised By Prof. Dr. Aly EL-Moursy, Prof Dr. Refaat G. Abou EL-Ela, Prof. Dr. Fatima Jackson, Dr. Karem EL-Saeyd Ghoneim.</subfield>
  </datafield>
  <datafield tag="246" ind1="1" ind2="5">
    <subfield code="a">&#x62A;&#x62D;&#x62F; &#x64A;&#x62F; &#x628;&#x639;&#x636; &#x645;&#x634;&#x627;&#x628;&#x647;&#x627;&#x62A; &#x647;&#x631;&#x645;&#x648;&#x646;&#x627;&#x62A; &#x627;&#x644;&#x634;&#x628;&#x627;&#x628; &#x648;&#x627;&#x644;&#x628;&#x631;&#x648;&#x643;&#x633;&#x64A;&#x646;&#x627;&#x62A; &#x648;&#x627;&#x644;&#x645;&#x633;&#x62A;&#x62E;&#x644;&#x635;&#x627;&#x62A; &#x627;&#x644;&#x646;&#x628;&#x627;&#x62A;&#x64A;&#x629; &#x644;&#x627;&#x645;&#x643;&#x627;&#x646;&#x64A;&#x629; &#x645;&#x643;&#x627;&#x641;&#x62D;&#x629; &#x630;&#x628;&#x627;&#x628;&#x629; " &#x645;&#x627;&#x633;&#x64A;&#x646;&#x627; &#x627;&#x633;&#x62A;&#x627;&#x628;&#x64A;&#x648;&#x644;&#x627;&#x646;&#x633;" </subfield>
  </datafield>
  <datafield tag="264" ind1=" " ind2="0">
    <subfield code="c">1995.</subfield>
  </datafield>
  <datafield tag="300" ind1=" " ind2=" ">
    <subfield code="a">212 Leaves : </subfield>
    <subfield code="b">illustrations ;</subfield>
    <subfield code="c">30 cm. + </subfield>
  </datafield>
  <datafield tag="336" ind1=" " ind2=" ">
    <subfield code="2">rda content</subfield>
    <subfield code="a">text</subfield>
  </datafield>
  <datafield tag="337" ind1=" " ind2=" ">
    <subfield code="2">rdamedia</subfield>
    <subfield code="a">Unmediated</subfield>
  </datafield>
  <datafield tag="338" ind1=" " ind2=" ">
    <subfield code="2">rdacarrier</subfield>
    <subfield code="a">volume</subfield>
  </datafield>
  <datafield tag="502" ind1=" " ind2=" ">
    <subfield code="a">Thesis (Ph.D)-Cairo University, 1995.</subfield>
  </datafield>
  <datafield tag="504" ind1=" " ind2=" ">
    <subfield code="a">Bibliography: pages 174-212.</subfield>
  </datafield>
  <datafield tag="653" ind1=" " ind2="0">
    <subfield code="a">Entomology </subfield>
  </datafield>
  <datafield tag="700" ind1="0" ind2=" ">
    <subfield code="a">Aly EL-Moursy</subfield>
    <subfield code="e">thesis advisor.</subfield>
  </datafield>
  <datafield tag="700" ind1="0" ind2=" ">
    <subfield code="a">Refaat G. Abou EL-Ela</subfield>
    <subfield code="e">thesis advisor.</subfield>
  </datafield>
  <datafield tag="700" ind1="0" ind2=" ">
    <subfield code="a">Fatima Jackson</subfield>
    <subfield code="e">thesis advisor.</subfield>
  </datafield>
  <datafield tag="700" ind1="0" ind2=" ">
    <subfield code="a">Karem EL-Saeyd Ghoneim</subfield>
    <subfield code="e">thesis advisor.</subfield>
  </datafield>
  <datafield tag="900" ind1=" " ind2=" ">
    <subfield code="D">Department of Entomology </subfield>
    <subfield code="F">Faculty of Science </subfield>
    <subfield code="U">Cairo University</subfield>
    <subfield code="b">1995</subfield>
    <subfield code="c">Aly EL-Moursy</subfield>
    <subfield code="c">Refaat G. Abou EL-Ela</subfield>
    <subfield code="c">Fatima Jackson</subfield>
    <subfield code="c">Karem EL-Saeyd Ghoneim</subfield>
  </datafield>
  <datafield tag="905" ind1=" " ind2=" ">
    <subfield code="a">Eman El gebaly </subfield>
    <subfield code="e">Nourhan</subfield>
  </datafield>
  <datafield tag="942" ind1=" " ind2=" ">
    <subfield code="2">ddc</subfield>
    <subfield code="c">TH</subfield>
    <subfield code="e">21</subfield>
    <subfield code="n">0</subfield>
  </datafield>
  <datafield tag="999" ind1=" " ind2=" ">
    <subfield code="c">179712</subfield>
  </datafield>
  <datafield tag="952" ind1=" " ind2=" ">
    <subfield code="2">ddc</subfield>
    <subfield code="9">317116</subfield>
    <subfield code="a">CUCL</subfield>
    <subfield code="b">100</subfield>
    <subfield code="d">2026-04-26</subfield>
    <subfield code="i">26937</subfield>
    <subfield code="o">Cai01.12.14.Ph.D.1995.Ma.P.</subfield>
    <subfield code="p">01010110026937000</subfield>
    <subfield code="r">2026-04-26 09:17:40</subfield>
    <subfield code="w">2026-04-26</subfield>
    <subfield code="y">TH</subfield>
  </datafield>
</record>
